| 000 | 01371cam a2200361 a 4500 | ||
|---|---|---|---|
| 001 | 15862307 | ||
| 005 | 20170105102917.0 | ||
| 008 | 090810s2010 nyub b 001 0 eng | ||
| 010 | _a 2009032948 | ||
| 020 | _a9780231150743 (cloth : alk. paper) | ||
| 020 | _a0231150741 (cloth : alk. paper) | ||
| 020 | _a9780231150750 (pbk. : alk. paper) | ||
| 020 | _a023115075X (pbk. : alk. paper) | ||
| 020 | _a9780231521741 (ebook) | ||
| 020 | _a023152174X (ebook) | ||
| 035 | _a(OCoLC)ocn320799240 | ||
| 040 |
_aDLC _cDLC _dYDX _dYDXCP _dCDX _dDLC |
||
| 043 | _aa-is--- | ||
| 050 | 0 | 0 |
_aDS113.7 _b.K53 2010 |
| 082 | 0 | 0 |
_a305.892/740569442 _222 |
| 100 | 1 | _aKhalidi, Rashid. | |
| 245 | 1 | 0 |
_aPalestinian identity : _bthe construction of modern national consciousness / _cRashid Khalidi. |
| 260 |
_aNew York : _bColumbia University Press, _cc2010. |
||
| 300 |
_axlii, 310 p. : _bmap ; _c24 cm. |
||
| 500 | _aReprint of work originally published in 1997. New introduction by the author. | ||
| 504 | _aIncludes bibliographical references and index. | ||
| 650 | 0 |
_aPalestinian Arabs _zIsrael _xEthnic identity. |
|
| 650 | 0 | _aArab-Israeli conflict. | |
| 650 | 0 |
_aPalestinian Arabs _zJerusalem. |
|
| 906 |
_a7 _bcbc _corignew _d1 _eecip _f20 _gy-gencatlg |
||
| 942 |
_2ddc _cBK |
||
| 999 |
_c15412 _d15412 |
||